NLSUI OPAC header image

Double taxation within the European Union / (Record no. 30358)

MARC details
000 -LEADER
fixed length control field 02579cam a2200313 a 4500
001 - CONTROL NUMBER
control field 16877344
003 - CONTROL NUMBER IDENTIFIER
control field OSt
005 - DATE AND TIME OF LATEST TRANSACTION
control field 20210528142304.0
008 - FIXED-LENGTH DATA ELEMENTS--GENERAL INFORMATION
fixed length control field 110718s2011 ne a b 101 0 eng
010 ## - LIBRARY OF CONGRESS CONTROL NUMBER
LC control number 2011290374
020 ## - INTERNATIONAL STANDARD BOOK NUMBER
International Standard Book Number 9789041135254 (hbk. : alk. paper)
020 ## - INTERNATIONAL STANDARD BOOK NUMBER
International Standard Book Number 9041135251 (hbk. : alk. paper)
040 ## - CATALOGING SOURCE
Original cataloging agency DLC
Transcribing agency DLC
Modifying agency DLC
042 ## - AUTHENTICATION CODE
Authentication code pcc
043 ## - GEOGRAPHIC AREA CODE
Geographic area code e------
050 00 - LIBRARY OF CONGRESS CALL NUMBER
Classification number KJE7114.A8
Item number D68 2011
245 00 - TITLE STATEMENT
Title Double taxation within the European Union /
Statement of responsibility, etc. edited by Alexander Rust.
260 ## - PUBLICATION, DISTRIBUTION, ETC.
Place of publication, distribution, etc. Alphen aan den Rijn :
Name of publisher, distributor, etc. Kluwer Law International ;
Place of publication, distribution, etc. Frederick, MD :
Name of publisher, distributor, etc. Sold and distributed in North, Central and South America by Aspen Publishers,
Date of publication, distribution, etc. c2011.
300 ## - PHYSICAL DESCRIPTION
Extent xiv, 233 p. :
Other physical details ill. ;
Dimensions 25 cm.
490 0# - SERIES STATEMENT
Series statement International tax conferences of the University of Luxembourg ;
Volume/sequential designation vol. 1
504 ## - BIBLIOGRAPHY, ETC. NOTE
Bibliography, etc. note Includes bibliographical references and index.
505 ## - FORMATTED CONTENTS NOTE
Formatted contents note TABLE OF CONTENTS:<br/>Preface and Acknowledgment;<br/>Chapter 1 Double Taxation Alexander Rust;<br/>Chapter 2 Economic Double Taxation as an Obstacle to Cross-Border Investments Olivier Remacle & Samantha Nonnenkamp;<br/>Chapter 3 Double Jeopardy in Criminal Law: Conflicts of Competence and Possible Solutions Stefan Braum;<br/>Chapter 4 Double Burdens within the European Union: Solutions in other Areas of Law: Constitutional Law Hanno Kube;<br/>Chapter 5 Double Tax Agreements: Between EU Law and Public International Law Herwig Hofmann;<br/>Chapter 6 The Abolition of Article 293 EC: Comments on Hofmann's Analysis Ekkehart Reimer;<br/>Chapter 7 Double Taxation and European Law: Analysis of the Jurisprudence Georg Kofler;<br/>Chapter 8 How European Law Could Solve Double Taxation Alexander Rust;<br/>Chapter 9 Passing the Buck Around: Who Is Responsible for Double Taxation?—Comments on Profs. Kofler and Rust's Analysis Peter J. Wattel;<br/>Chapter 10 Avoiding a Double Burden within the European Union: Comments on Kofler and Rust's Analysis Servaas van Thiel;<br/>Chapter 11 Double Taxation: Selected Issues of Compatibility with European Law, Multilateral Tax Treaties and CCCTB Pasquale Pistone;<br/>Chapter 12 MAP and Arbitration as Remedies for Double Burdens: Evolutionary Law-Making through Procedural Rather Than Substantive Rules? Roland Ismer;<br/>Index..
650 #0 - SUBJECT ADDED ENTRY--TOPICAL TERM
Topical term or geographic name entry element Double taxation
Geographic subdivision European Union countries
Form subdivision Congresses.
700 1# - ADDED ENTRY--PERSONAL NAME
Personal name Rust, Alexander.
856 41 - ELECTRONIC LOCATION AND ACCESS
Materials specified Table of contents only
Uniform Resource Identifier <a href="http://www.loc.gov/catdir/toc/fy12pdf01/2011290374.html">http://www.loc.gov/catdir/toc/fy12pdf01/2011290374.html</a>
906 ## - LOCAL DATA ELEMENT F, LDF (RLIN)
a 7
b cbc
c origres
d 2
e ncip
f 20
g y-gencatlg
942 ## - ADDED ENTRY ELEMENTS (KOHA)
Source of classification or shelving scheme Dewey Decimal Classification
Koha item type BOOKs
Holdings
Withdrawn status Lost status Damaged status Not for loan Home library Current library Shelving location Date acquired Cost, normal purchase price Total Checkouts Full call number Barcode Date last seen Price effective from Koha item type
        NLS NLS   30/05/2017 9926.00   343.04 RUS 27647 30/05/2017 30/05/2017 BOOKs